[Event "Barcelona 150 aniversity 3"]
[Site "Barcelona"]
[Date "2019.06.14"]
[Round "8.2"]
[White "Benages Mabres, Valenti"]
[Black "Bassand, Dominique"]
[Result "0-1"]
[WhiteElo "1700"]
[BlackElo "1700"]
[PlyCount "100"]
[EventDate "2019.04.26"]
[EventType "swiss"]
[EventRounds "9"]
[EventCountry "ESP"]
[SourceTitle "EXT 2024"]
[Source "ChessBase"]
[SourceDate "2023.10.10"]
[SourceVersion "1"]
[SourceVersionDate "2023.10.10"]
[SourceQuality "1"]

1. d4 Nf6 2. c4 e6 3. Nf3 b6 4. a3 h6 5. Nc3 Bb7 6. Qc2 Be7 7. e4 d6 8. Bd3 0-0 9. 0-0 c5 10. d5 exd5 11. cxd5 Na6 12. Re1 Rc8 13. e5 dxe5 14. Nxe5 Bd6 15. Bf4 Nh5 16. Re4 Nxf4 17. Rxf4 Bxe5 18. Re4 Bxc3 19. bxc3 Re8 20. Rae1 Rxe4 21. Bxe4 Bxd5 22. Bh7+ Kh8 23. Qf5 g6 24. Bxg6 fxg6 25. Qxg6 Qg8 26. Qxh6+ Qh7 27. Qf6+ Kg8 28. Re7 Bf7 29. Qg5+ Qg6 30. f4 Qxg5 31. fxg5 Rc7 32. Re4 Rd7 33. h4 Bg6 34. Re1 Kg7 35. g4 Rd3 36. h5 Bf7 37. h6+ Kh7 38. Re7 Kg6 39. h7 Kxh7 40. Rxf7+ Kg6 41. Rf5 Rg3+ 42. Kf2 Rxg4 43. Rd5 Rxg5 44. Rd6+ Kh5 45. Kf3 Rf5+ 46. Ke4 Kg4 47. Rg6+ Rg5 48. Re6 Nc7 49. Rc6 Nb5 50. c4 Nxa3 0-1